Militares y civiles en Costa Rica /

¿Cuáles son las causas que han dado origen para que Costa Rica se haya inclinado por una acción política al margen de la interferencia militar? ¿Verdaderamente será Costa Rica un país sin ejército? ¿Qué mecanismos pueden haberse creado para sustituir la aparente ausencia de un ejército?. Para respon...

詳細記述

保存先:
書誌詳細
第一著者: Umaña Aglietti, Miguel A.
フォーマット: 学位論文
言語:Spanish
出版事項: San José, Costa Rica : Universidad de Costa Rica 1978
主題:
タグ: タグ追加
タグなし, このレコードへの初めてのタグを付けませんか!

MARC

LEADER 00000 a2200000 04500
001 40002
003 cru CIDCACS/IIS
005 20230417081045.0
007 ta
008 050531s1978 cr spa d
040 |a CRAI/IIS  |c CRAI/IIS 
090 |a 01.02.06 U48m  
100 |a Umaña Aglietti, Miguel A.  
245 |a Militares y civiles en Costa Rica /   |c Miguel A. Umaña Aglietti  
260 |a San José, Costa Rica :   |b Universidad de Costa Rica  |c 1978 
300 |a 204 páginas : tablas  
502 |a Tesis (Licenciatura) Universidad de Costa Rica. Facultad de Ciencias Sociales. Escuela de Ciencias Políticas  
520 |a ¿Cuáles son las causas que han dado origen para que Costa Rica se haya inclinado por una acción política al margen de la interferencia militar? ¿Verdaderamente será Costa Rica un país sin ejército? ¿Qué mecanismos pueden haberse creado para sustituir la aparente ausencia de un ejército?. Para responder estas y otras interrogantes en la presente tesis se hace un recorrido histórico desde la época colonial.  
650 |a 1.FUERZAS ARMADAS  
650 |a 2.MILITARISMO  
650 |a 3.HISTORIA SOCIAL  
650 |a 4.ESTADO  
650 |a 5.COSTA RICA  
942 |2 ddc  |c LI  |h 01.02.06  |i 08725  |6 010206_08725 
999 |c 18108  |d 18108